00646nam a2200205 a 450000100060000000300080000600500170001400800410003102000240007203500190009604000320011504100080014708200250015510000170018024500450019726001070024230000290034950400200037865100420039825194BD-RjUL20211209050838.0140316s1985 enkb 001 0 eng d a0140075763 (pbk.) : a(BD-RjUL)25263 aDLCcDLCdDLCdBD-RjULbeng aeng00a954.04219bAKI 19851 aAkbar, M. J.10aIndia :bthe siege within /cM.J. Akbar. aHarmondsworth, Middlesex, England :bPenguin Books ;aNew York, N.Y., U.S.A. :bViking Penguin,c1985. a325 p. :bmaps ;c20 cm. aIncludes index. 0aIndiaxPolitics and governmenty1947-